Olimpiada matemática ñandú : problemas 10 /
Guardado en:
| Autor Principal: | |
|---|---|
| Otros Autores: | |
| Formato: | Libro |
| Publicado: |
Buenos Aires :
Red Olímpica,
2003
|
| Series: | Pacha Mama
|
| Materias: | |
| Etiquetas: |
Agregar Etiqueta
Sin Etiquetas, Sea el primero en etiquetar este registro!
|
| LEADER | 00626nam a22002055a 4500 | ||
|---|---|---|---|
| 001 | CEM.cems011334 | ||
| 005 | 20080627103549.0 | ||
| 008 | 130507s2003##################000#0#####d | ||
| 003 | CEMS | ||
| 020 | |a 9879072391 | ||
| 082 | 0 | 4 | |a 510 |
| 100 | 1 | |a Seveso, Julia | |
| 245 | 1 | 0 | |a Olimpiada matemática ñandú : |b problemas 10 / |c Julia Seveso, Graciela Ferrarini |
| 260 | |a Buenos Aires : |b Red Olímpica, |c 2003 | ||
| 300 | |a 141 p. | ||
| 490 | 0 | |a Pacha Mama | |
| 653 | |a Matemática-olimpíadas | ||
| 653 | |a Olimpíadas matemática | ||
| 700 | 1 | |a Ferrarini, Graciela | |
| 859 | |a CEMS |b BIB. CEMS - 11 de abril |h 510 |i Ol3 |p 22267.03 |t Ej.1 |v 10 |3 10 | ||
